Bọt tháng ngày Tiểu thuyết
Dịch từ nguyên bản tiếng Pháp: L'Écume des jours; Vian đã tạo tác một vũ trụ vượt mọi khung khổ vật lý, một thế giới bồng bềnh lấp lánh nơi chuột biết nói, nắng biết thẹn thùng, đàn piano biết pha cocktail và người đàn ông có thể gia...
Guardado en:
| Autor principal: | |
|---|---|
| Otros Autores: | |
| Formato: | Libro |
| Lenguaje: | Undetermined |
| Publicado: |
H.
Nxb. Hội Nhà văn
2018
|
| Materias: | |
| Acceso en línea: | http://lrc.tdmu.edu.vn/opac/search/detail.asp?aID=2&ID=40342 |
| Etiquetas: |
Agregar Etiqueta
Sin Etiquetas, Sea el primero en etiquetar este registro!
|
| Thư viện lưu trữ: | Trung tâm Học liệu Trường Đại học Thủ Dầu Một |
|---|
| LEADER | 01174nam a2200229Ia 4500 | ||
|---|---|---|---|
| 001 | TDMU_40342 | ||
| 008 | 210410s9999 xx 000 0 und d | ||
| 082 | |a 895.922301 | ||
| 090 | |b V301 | ||
| 100 | |a Vian, Boris | ||
| 245 | 0 | |a Bọt tháng ngày | |
| 245 | 0 | |b Tiểu thuyết | |
| 245 | 0 | |c Boris Vian ; Lê Phong Tuyết (dịch) | |
| 260 | |a H. | ||
| 260 | |b Nxb. Hội Nhà văn | ||
| 260 | |c 2018 | ||
| 300 | |a 254tr. | ||
| 520 | |a Dịch từ nguyên bản tiếng Pháp: L'Écume des jours; Vian đã tạo tác một vũ trụ vượt mọi khung khổ vật lý, một thế giới bồng bềnh lấp lánh nơi chuột biết nói, nắng biết thẹn thùng, đàn piano biết pha cocktail và người đàn ông có thể già đi mười tuổi chỉ trong một tuần lễ. | ||
| 650 | |a Văn học hiện đại |v Tiểu thuyết |z Pháp; Văn học Pháp |v Tiểu thuyết | ||
| 700 | |a Lê, Phong Tuyết | ||
| 856 | |u http://lrc.tdmu.edu.vn/opac/search/detail.asp?aID=2&ID=40342 | ||
| 980 | |a Trung tâm Học liệu Trường Đại học Thủ Dầu Một | ||